[Event "4NCL/Div2/SLO2-BRI2"]
[Site "Rd7-Birmingham"]
[Date "2000.03.25"]
[Round "7.1"]
[White "Buckley, Graeme"]
[Black "McFarland, Robert"]
[Result "0-1"]
[WhiteElo "2355"]
[BlackElo "2260"]
[PlyCount "78"]
[EventDate "2000.03.25"]
[Source "Britbase"]
[SourceDate "2000.01.01"]

1. d4 g6 2. e4 Bg7 3. c4 d6 4. Nc3 Nf6 5. f3 O-O 6. Bg5 h6 7. Be3 Nbd7 8. Qd2
Kh7 9. h4 c5 10. d5 Ne5 11. Rc1 a6 12. b3 Qa5 13. Nge2 b5 14. h5 Nxh5 15. Rxh5
gxh5 16. Ng3 h4 17. Nh5 h3 18. Kf2 h2 19. Ng3 bxc4 20. Bxc4 Nxc4 21. bxc4 Rb8
22. Qd3 Bxc3 23. e5+ Kh8 24. Rxc3 Qxa2+ 25. Rc2 Rb2 26. Rd2 Rxd2+ 27. Bxd2 Rg8
28. Qe3 Qc2 29. Qxh6+ Qh7 30. Qxh7+ Kxh7 31. Nh1 dxe5 32. Be3 Bd7 33. Bxc5 Rc8
34. Bxe7 Rxc4 35. Kg3 Rd4 36. d6 a5 37. Kxh2 f5 38. Bf6 Rd5 39. f4 e4 0-1

[Event "4NCL/Div2/SLO2-BRI2"]
[Site "Rd7-Birmingham"]
[Date "2000.03.25"]
[Round "7.2"]
[White "Easton, Alex"]
[Black "Tucker, Alex"]
[Result "1/2-1/2"]
[WhiteElo "2165"]
[BlackElo "2192"]
[PlyCount "60"]
[EventDate "2000.03.25"]
[Source "Britbase"]
[SourceDate "2000.01.01"]

1. Nf3 Nf6 2. c4 g6 3. Nc3 Bg7 4. e4 O-O 5. d4 d6 6. Be2 e5 7. O-O Nc6 8. d5
Ne7 9. Nd2 a5 10. a3 Ne8 11. Rb1 c5 12. b4 axb4 13. axb4 b6 14. bxc5 bxc5 15.
Nb3 f5 16. Bg5 Bf6 17. Bd2 Bg7 18. Ra1 Rxa1 19. Qxa1 Nf6 20. f3 fxe4 21. fxe4
Ng4 22. Bxg4 Bxg4 23. Rxf8+ Bxf8 24. Qa5 Qxa5 25. Nxa5 Nc8 26. Kf2 Kf7 27. h3
Bd7 28. Ke2 Na7 29. Kd3 Be7 30. Nd1 h5 1/2-1/2

[Event "4NCL/Div2/SLO2-BRI2"]
[Site "Rd7-Birmingham"]
[Date "2000.03.25"]
[Round "7.3"]
[White "Smith, Andrew P"]
[Black "Dilleigh, Stephen"]
[Result "1-0"]
[WhiteElo "2231"]
[BlackElo "2186"]
[PlyCount "59"]
[EventDate "2000.03.25"]
[Source "Britbase"]
[SourceDate "2000.01.01"]

1. e4 e5 2. d4 exd4 3. Qxd4 Nc6 4. Qe3 Nf6 5. Bd2 Qe7 6. Nc3 Qc5 7. Qe2 Nd4 8.
Qd3 Ne6 9. f3 c6 10. O-O-O g6 11. Nge2 Bg7 12. g4 d5 13. Be3 Qa5 14. exd5 Nxd5
15. Nxd5 cxd5 16. Qxd5 Qxd5 17. Rxd5 b6 18. Nf4 Bb7 19. Bb5+ Kf8 20. Nxe6+ fxe6
21. Rd6 Bd5 22. c4 Rc8 23. Kb1 Ba8 24. Rd7 Kg8 25. Rxa7 Bxf3 26. Bd7 Be4+ 27.
Ka1 Bxh1 28. Bxe6+ Kf8 29. Bxc8 h5 30. g5 1-0

[Event "4NCL/Div2/SLO2-BRI2"]
[Site "Rd7-Birmingham"]
[Date "2000.03.25"]
[Round "7.5"]
[White "Ghasi, Ameet"]
[Black "Grossett, Duncan"]
[Result "1/2-1/2"]
[WhiteElo "2032"]
[BlackElo "2185"]
[PlyCount "86"]
[EventDate "2000.03.25"]
[Source "Britbase"]
[SourceDate "2000.01.01"]

1. Nf3 Nf6 2. d4 g6 3. g3 Bg7 4. Bg2 O-O 5. O-O d5 6. Nbd2 c6 7. e3 Bg4 8. h3
Bf5 9. Ne5 Nbd7 10. g4 Be6 11. Nd3 Ne8 12. Nf4 Nd6 13. b3 Nb6 14. a4 Bc8 15.
Bb2 Nd7 16. Nd3 Nf6 17. c4 Nde4 18. Nxe4 Nxe4 19. f3 Ng3 20. Rf2 h5 21. Bc3 Rb8
22. Rc2 Bh6 23. Qe1 h4 24. f4 Bg7 25. Rac1 e6 26. Bb4 Re8 27. Qf2 b6 28. cxd5
cxd5 29. Rc7 Ba6 30. Qd2 Rb7 31. R7c6 Bf8 32. Bxf8 Rxf8 33. Kf2 Bxd3 34. Qxd3
Qf6 35. Qa6 Qe7 36. Qd3 Rd8 37. Qc3 Rbd7 38. Bf3 Qf6 39. Kg2 Qe7 40. Qc2 Qb4
41. Qc3 Qe7 42. Qc2 Qb4 43. Qc3 Qe7 1/2-1/2

[Event "4NCL/Div2/SLO2-BRI2"]
[Site "Rd7-Birmingham"]
[Date "2000.03.25"]
[Round "7.6"]
[White "Humphreys, Jerry"]
[Black "De Coverly, Roger"]
[Result "1/2-1/2"]
[WhiteElo "2125"]
[BlackElo "2096"]
[PlyCount "53"]
[EventDate "2000.03.25"]
[Source "Britbase"]
[SourceDate "2000.01.01"]

1. e4 e5 2. Nf3 Nc6 3. d4 exd4 4. Nxd4 Bb4+ 5. c3 Bc5 6. Be3 Bb6 7. Be2 Nge7 8.
O-O O-O 9. Nd2 d6 10. Nc4 Bxd4 11. cxd4 d5 12. exd5 Nxd5 13. Qd2 Be6 14. Bg5 f6
15. Bh4 Nde7 16. Bg3 Nxd4 17. Bxc7 Qxc7 18. Qxd4 Rfd8 19. Qe3 Bxc4 20. Bxc4+
Qxc4 21. Qxe7 Qd5 22. Rfe1 Rd7 23. Qe3 a6 24. b3 Rad8 25. Re2 h6 26. Rae1 Kh7
27. f3 1/2-1/2

[Event "4NCL/Div2/SLO2-BRI2"]
[Site "Rd7-Birmingham"]
[Date "2000.03.25"]
[Round "7.7"]
[White "Mashayekh, Majid"]
[Black "Richards, John"]
[Result "1/2-1/2"]
[WhiteElo "2006"]
[BlackElo "2045"]
[PlyCount "93"]
[EventDate "2000.03.25"]
[Source "Britbase"]
[SourceDate "2000.01.01"]

1. c4 Nf6 2. Nc3 d5 3. d4 g6 4. Nf3 Bg7 5. Qb3 dxc4 6. Qxc4 O-O 7. e4 Nc6 8.
Be2 Nd7 9. Be3 Nb6 10. Qc5 Nd7 11. Qa3 e5 12. Rd1 exd4 13. Nxd4 Nxd4 14. Bxd4
Bxd4 15. Rxd4 Qf6 16. Rd1 Nb6 17. O-O Be6 18. Qc5 c6 19. f4 Rad8 20. Qe3 Bc4
21. b3 Bxe2 22. Nxe2 Rxd1 23. Rxd1 Rd8 24. Rxd8+ Qxd8 25. a4 Qe7 26. Ng3 Nd5
27. Qxa7 Nf6 28. Qd4 c5 29. Qd3 Qd7 30. Qxd7 Nxd7 31. Kf2 Kf8 32. Ke3 Ke7 33.
Kd3 Kd6 34. h4 h5 35. Kc4 Kc6 36. a5 Nf6 37. b4 cxb4 38. Kxb4 Ng4 39. Ne2 Nf2
40. Nc3 Nd3+ 41. Kc4 Nxf4 42. g3 Ne6 43. e5 Nc5 44. Ne2 Ne6 45. Nf4 Nc5 46. Ne2
Ne6 47. Nf4 1/2-1/2

[Event "4NCL/Div2/SLO2-BRI2"]
[Site "Rd7-Birmingham"]
[Date "2000.03.25"]
[Round "7.8"]
[White "Houska, Ivana"]
[Black "Buckley, Maya"]
[Result "1/2-1/2"]
[WhiteElo "1560"]
[BlackElo "1256"]
[PlyCount "52"]
[EventDate "2000.03.25"]
[Source "Britbase"]
[SourceDate "2000.01.01"]

1. d4 f5 2. c4 g6 3. Nf3 Bg7 4. Nc3 Nf6 5. e3 O-O 6. Bd3 d6 7. O-O Nc6 8. a3
Qe8 9. Bb1 a6 10. Ba2 h6 11. Ne2 Kh7 12. Bd2 Ne4 13. Bc3 Nd8 14. Rc1 Nf7 15.
Nf4 Nfg5 16. Nd5 Qd8 17. c5 e6 18. Nf4 Qe7 19. cxd6 cxd6 20. Nxg5+ Nxg5 21. d5
e5 22. Ne2 Bd7 23. Bc4 Rac8 24. b3 b5 25. Bd3 e4 26. Bxg7 Qxg7 1/2-1/2

[Event "4NCL/Div2/SWD-BAR2"]
[Site "Rd7-Birmingham"]
[Date "2000.03.25"]
[Round "7.1"]
[White "Cobb, James"]
[Black "Duncan, Chris"]
[Result "0-1"]
[WhiteElo "2369"]
[BlackElo "2302"]
[PlyCount "114"]
[EventDate "2000.03.25"]
[Source "Britbase"]
[SourceDate "2000.01.01"]

1. Nf3 d5 2. c4 dxc4 3. Na3 e5 4. Nxe5 Bxa3 5. Qa4+ b5 6. Qxa3 Qd5 7. Qf3 Nf6
8. d3 cxd3 9. Qxd5 Nxd5 10. Nxd3 O-O 11. g3 Re8 12. Bg2 c6 13. Bd2 Bf5 14. Nf4
Nf6 15. f3 Nbd7 16. g4 Be6 17. Kf2 c5 18. Rhd1 Nb6 19. g5 Nfd5 20. Nxe6 Rxe6
21. e4 Ne7 22. Be3 Nc4 23. Bxc5 Nxb2 24. Rd7 Ng6 25. Bf1 a6 26. Bd4 Ne5 27. Rd5
Nbd3+ 28. Ke3 Nb4 29. Rxe5 Nc2+ 30. Kd3 Rxe5 31. Bxe5 Nxa1 32. Bxa1 Rd8+ 33.
Bd4 f6 34. gxf6 gxf6 35. Kc3 Kf7 36. f4 Rc8+ 37. Kb2 Rd8 38. Kc3 Rc8+ 39. Kd2
Rd8 40. Kd3 Rc8 41. Bc3 Rc4 42. Be2 f5 43. Bf3 Ke6 44. Bd2 a5 45. exf5+ Kxf5
46. Bd5 Ra4 47. Bb3 Re4 48. Bg8 Re7 49. Bd5 b4 50. Bb3 Rd7+ 51. Ke2 Rc7 52. Kf3
Rc6 53. Be3 Rc7 54. Ba4 Rc3 55. Bd7+ Kf6 56. f5 a4 57. Ke4 Rxe3+ 0-1

[Event "4NCL/Div2/SWD-BAR2"]
[Site "Rd7-Birmingham"]
[Date "2000.03.25"]
[Round "7.2"]
[White "Lewis, Andrew P"]
[Black "Dineley, Richard"]
[Result "0-1"]
[WhiteElo "2266"]
[BlackElo "2263"]
[PlyCount "62"]
[EventDate "2000.03.25"]
[Source "Britbase"]
[SourceDate "2000.01.01"]

1. c4 b6 2. Nc3 Bb7 3. e4 e6 4. Nge2 Nf6 5. e5 Ng8 6. d4 d6 7. Qa4+ Bc6 8. Qc2
dxe5 9. Be3 Nf6 10. h3 Bb4 11. O-O-O Bxc3 12. Nxc3 exd4 13. Bxd4 Qe7 14. f4 O-O
15. Bd3 Na6 16. Rhe1 Nb4 17. Qf2 Nxd3+ 18. Rxd3 Rad8 19. Rg3 g6 20. f5 Nh5 21.
Rg4 Qd6 22. f6 Rfe8 23. Re5 Kh8 24. Qe3 Rg8 25. Rh4 Bxg2 26. Ne2 c5 27. Nf4
Nxf4 28. Rxf4 cxd4 29. Qe1 d3 30. Kd1 d2 31. Qe3 Qd3 0-1

[Event "4NCL/Div2/SWD-BAR2"]
[Site "Rd7-Birmingham"]
[Date "2000.03.25"]
[Round "7.3"]
[White "James, David J"]
[Black "Twyble, Michael"]
[Result "1/2-1/2"]
[WhiteElo "2238"]
[BlackElo "2214"]
[PlyCount "30"]
[EventDate "2000.03.25"]
[Source "Britbase"]
[SourceDate "2000.01.01"]

1. Nf3 d5 2. d4 c6 3. c4 e6 4. Nc3 dxc4 5. a4 Bb4 6. Bg5 f6 7. Bd2 a5 8. e4 b5
9. Be2 Bb7 10. Qc2 Ne7 11. O-O Qd7 12. Rfe1 O-O 13. b3 cxb3 14. Qxb3 Bxc3 15.
Bxc3 b4 1/2-1/2

[Event "4NCL/Div2/SWD-BAR2"]
[Site "Rd7-Birmingham"]
[Date "2000.03.25"]
[Round "7.4"]
[White "Kenworthy, Gary"]
[Black "Zeidler, Sven"]
[Result "1/2-1/2"]
[WhiteElo "2279"]
[BlackElo "2235"]
[PlyCount "165"]
[EventDate "2000.03.25"]
[Source "Britbase"]
[SourceDate "2000.01.01"]

1. c4 f5 2. Nc3 Nf6 3. g3 g6 4. Bg2 Bg7 5. d3 O-O 6. e4 d6 7. Nge2 a5 8. h3 Na6
9. Be3 fxe4 10. dxe4 e5 11. O-O b6 12. Qd2 Nc5 13. Rad1 Bb7 14. Qc2 Qe8 15. Nd5
Nxd5 16. cxd5 Ba6 17. Rd2 Rf7 18. Rc1 Qf8 19. g4 Qe7 20. g5 h6 21. h4 hxg5 22.
hxg5 Qd7 23. Ng3 Qg4 24. Qd1 Qh4 25. Nf1 Bf8 26. f3 Be7 27. Qe1 Bxg5 28. Qxh4
Bxh4 29. Nh2 Bc8 30. Bf1 Kg7 31. Kg2 Bd7 32. Be2 Rg8 33. Rh1 Kf8 34. Ng4 Bxg4
35. Rxh4 Bd7 36. Bg5 Bc8 37. Rc2 {(=)} Ke8 38. Rc1 Ba6 39. Rxc5 Bxe2 40. Rc3
Kd7 41. Kf2 Ba6 42. Rc1 Rgf8 43. Rh3 Kc8 44. Ke3 Bb5 45. Rch1 Kb7 46. Rg3 c6
47. dxc6+ Bxc6 48. Rh6 d5 49. Rxg6 d4+ 50. Ke2 Bb5+ 51. Kf2 Rc8 52. Rh3 Rc2+
53. Kg3 Bf1 54. Rhh6 Rg2+ 55. Kh4 Rxb2 56. Bd8 Rh2+ 57. Kg3 Rg2+ 58. Kh4 Rxg6
59. Rxg6 Rxf3 60. Rxb6+ Kc8 61. Rd6 a4 62. Bf6 Rf4+ 63. Kg5 Rxe4 64. Rd5 d3 65.
Bxe5 a3 66. Bd6 Ra4 67. Bf4 Kb7 68. Be3 Kc6 69. Rc5+ Kd6 70. Rc3 Kd5 71. Bd2
Be2 72. Rb3 Ke4 73. Rc3 Bf3 74. Rc8 Be2 75. Re8+ {(=)} Kf3 76. Rf8+ Kg2 77. Rf4
Ra8 78. Rf7 Rc8 79. Kf4 Rc2 80. Ke3 Rxa2 81. Rg7+ Kh3 82. Ra7 Ra1 83. Bc3
1/2-1/2

[Event "4NCL/Div2/SWD-BAR2"]
[Site "Rd7-Birmingham"]
[Date "2000.03.25"]
[Round "7.5"]
[White "Morris, Charles"]
[Black "Sands, David"]
[Result "1-0"]
[WhiteElo "2231"]
[BlackElo "2258"]
[PlyCount "111"]
[EventDate "2000.03.25"]
[Source "Britbase"]
[SourceDate "2000.01.01"]

1. c4 e5 2. Nc3 Nf6 3. g3 d5 4. cxd5 Nxd5 5. Bg2 Nb6 6. d3 Be7 7. a3 O-O 8. b4
c5 9. bxc5 Bxc5 10. Ne4 Be7 11. Nf3 Nc6 12. O-O Re8 13. Be3 Nd5 14. Bc5 Bg4 15.
Qb3 Rb8 16. h3 Bh5 17. g4 Bg6 18. Bxe7 Rxe7 19. Nh4 Nf4 20. Qa2 Bxe4 21. dxe4
Rd7 22. Nf3 Qe7 23. e3 Nxg2 24. Kxg2 Rbd8 25. Rfb1 h6 26. Rb5 Kh7 27. Rab1 Rc7
{(=)} 28. Qb2 Rdd7 29. Nxe5 Nxe5 30. Rxe5 Qf6 31. Rd5 Qxb2 32. Rxb2 Re7 33. e5
Rc6 34. Rbb5 b6 35. Rd6 Rc3 36. a4 Rc4 37. Rd4 Rc6 38. f4 Rc3 39. Kf3 Rc6 40.
Rbd5 Rc3 41. Rd7 Rc7 42. Rxc7 Rxc7 43. f5 a6 44. Ke4 Kg8 45. Rd8+ Kh7 46. Kd5
Rc3 47. Rf8 Rd3+ 48. Ke4 Ra3 49. Rxf7 Rxa4+ 50. Kd5 Kg8 51. Rb7 b5 52. e6 Ra3
53. Rb8+ Kh7 54. e7 Rxe3 55. e8=Q Rxh3 56. Qg8# 1-0

[Event "4NCL/Div2/SWD-BAR2"]
[Site "Rd7-Birmingham"]
[Date "2000.03.25"]
[Round "7.6"]
[White "D'Costa, Lorin"]
[Black "Richmond, Peter"]
[Result "1/2-1/2"]
[WhiteElo "2215"]
[BlackElo "2202"]
[PlyCount "51"]
[EventDate "2000.03.25"]
[Source "Britbase"]
[SourceDate "2000.01.01"]

1. d4 d5 2. c4 c6 3. Nf3 e6 4. g3 Nf6 5. Bg2 dxc4 6. Ne5 Nbd7 7. Nxc4 Nb6 8.
Ne5 c5 9. Be3 Nbd5 10. Qa4+ Bd7 11. Nxd7 Qxd7 12. Qxd7+ Kxd7 13. O-O Nxe3 14.
fxe3 cxd4 15. exd4 Rc8 16. Nc3 Rc4 17. Rad1 Bb4 18. e4 Ke7 19. e5 Ng4 20. Rd3
Rd8 21. Rdf3 f5 22. h3 Nh6 23. Ne2 Rc2 24. Rb3 Rxe2 25. Rxb4 b6 26. Rc1 1/2-1/2

[Event "4NCL/Div2/SWD-BAR2"]
[Site "Rd7-Birmingham"]
[Date "2000.03.25"]
[Round "7.8"]
[White "Kieran, Rosalind"]
[Black "Cast, Abigail"]
[Result "1-0"]
[WhiteElo "2085"]
[BlackElo "2133"]
[PlyCount "75"]
[EventDate "2000.03.25"]
[Source "Britbase"]
[SourceDate "2000.01.01"]

1. e4 e6 2. d4 d5 3. e5 c5 4. c3 Nc6 5. Nf3 Qb6 6. Be2 Bd7 7. O-O Rc8 8. Re1
cxd4 9. cxd4 Nge7 10. Na3 Nf5 11. Nc2 Nb4 12. Nxb4 Bxb4 13. Rf1 O-O 14. Bd3 Bb5
15. g4 Nh6 16. Ng5 g6 17. Bxb5 Qxb5 18. Qf3 Rfe8 19. Qh3 Bf8 20. Nf3 f5 21.
exf6 Nf7 22. Re1 Qb6 23. g5 Rc2 24. Qh4 Rec8 25. Qf4 Qc6 26. Rb1 Bb4 27. Rf1
Bd6 28. Qe3 Qb6 29. h4 Re8 30. Qd3 Rcc8 31. Kg2 Qc6 32. h5 Nh8 33. Rh1 e5 34.
hxg6 hxg6 35. Rxh8+ Kxh8 36. Qxg6 Bf8 37. Bd2 exd4 38. Rh1+ 1-0

[Event "4NCL/Div2/WES-WIT"]
[Site "Rd7-Birmingham"]
[Date "2000.03.25"]
[Round "7.1"]
[White "Rossiter, Philip"]
[Black "Headlong, Tim"]
[Result "1/2-1/2"]
[WhiteElo "2369"]
[BlackElo "2261"]
[PlyCount "39"]
[EventDate "2000.03.25"]
[Source "Britbase"]
[SourceDate "2000.01.01"]

1. e4 c5 2. Nc3 Nc6 3. Bb5 Nd4 4. Nf3 Nxb5 5. Nxb5 g6 6. d4 Bg7 7. Be3 Nf6 8.
O-O Nxe4 9. dxc5 O-O 10. Bd4 f6 11. Qe2 a6 12. Qxe4 axb5 13. Qe2 e5 14. Be3 d5
15. cxd6 Qxd6 16. Qxb5 Qc7 17. Rfd1 Be6 18. Rd2 Ra6 19. a4 Rc8 20. b3 1/2-1/2

[Event "4NCL/Div2/WES-WIT"]
[Site "Rd7-Birmingham"]
[Date "2000.03.25"]
[Round "7.2"]
[White "Cooksey, Paul"]
[Black "Corkett, Anthony"]
[Result "1/2-1/2"]
[WhiteElo "2229"]
[BlackElo "2295"]
[PlyCount "41"]
[EventDate "2000.03.25"]
[Source "Britbase"]
[SourceDate "2000.01.01"]

1. d4 Nf6 2. Nf3 e6 3. c4 b6 4. Nc3 Bb7 5. a3 Be7 6. Bf4 O-O 7. e3 d5 8. Qc2 c5
9. dxc5 bxc5 10. Rd1 Qa5 11. Be2 Nc6 12. O-O Rfd8 13. Ne5 Rac8 14. cxd5 exd5
15. Bf3 d4 16. Ne4 Nxe5 17. Bxe5 Nxe4 18. Bxe4 Bxe4 19. Qxe4 dxe3 20. Qxe3 Bf8
21. Bc3 1/2-1/2

[Event "4NCL/Div2/WES-WIT"]
[Site "Rd7-Birmingham"]
[Date "2000.03.25"]
[Round "7.3"]
[White "Neil, David"]
[Black "Haydon, Richard"]
[Result "1-0"]
[WhiteElo "2244"]
[BlackElo "2176"]
[PlyCount "57"]
[EventDate "2000.03.25"]
[Source "Britbase"]
[SourceDate "2000.01.01"]

1. e4 c5 2. Nc3 Nc6 3. f4 g6 4. Nf3 Bg7 5. Bb5 Nd4 6. a4 Nxb5 7. axb5 d6 8. O-O
Nf6 9. Qe1 O-O 10. d3 Bd7 11. Qh4 a6 12. e5 Ne8 13. Nd5 f6 14. Bd2 a5 15. c4 b6
16. Rae1 e6 17. Ne3 Bc8 18. Ng4 Bb7 19. exf6 Nxf6 20. Ng5 Qd7 21. Rxe6 Nh5 22.
f5 Rae8 23. Rfe1 Rxe6 24. Nxe6 Bd4+ 25. Nxd4 cxd4 26. Nh6+ Kh8 27. Qxd4+ Ng7
28. Bc3 Ba8 29. f6 1-0

[Event "4NCL/Div2/WES-WIT"]
[Site "Rd7-Birmingham"]
[Date "2000.03.25"]
[Round "7.4"]
[White "Rose, Matthew"]
[Black "Simons, Martin"]
[Result "1-0"]
[WhiteElo "2153"]
[BlackElo "2248"]
[PlyCount "141"]
[EventDate "2000.03.25"]
[Source "Britbase"]
[SourceDate "2000.01.01"]

1. e4 d5 2. exd5 Nf6 3. Nf3 Nxd5 4. d4 g6 5. c4 Nb6 6. Nc3 Bg7 7. Be2 O-O 8.
O-O Bg4 9. h3 Bxf3 10. Bxf3 Nc6 11. c5 Nd7 12. Be3 e5 13. d5 Nd4 14. c6 bxc6
15. dxc6 Nb6 16. a4 Nc4 17. Bd5 Nxe3 18. fxe3 Nf5 19. Qf3 Qe7 20. g4 Nd6 21.
Rad1 Rad8 22. e4 Rb8 23. Rf2 Rb4 24. Qe3 Rd4 25. Rdf1 Qh4 26. Nb5 Nxb5 27. axb5
Bh6 28. Qc3 Bf4 29. Kg2 h5 30. Rxf4 exf4 31. Rxf4 Rd1 32. Bxf7+ Rxf7 33. Rxf7
Kxf7 34. Qb3+ Kf6 35. Qxd1 Ke5 36. Qd7 hxg4 37. hxg4 Kxe4 38. Qe6+ Kf4 39. Qf7+
Kxg4 40. Qxg6+ Kf4 41. Qf7+ Ke3 42. Qxc7 Qe4+ 43. Kh3 Qf5+ 44. Kh4 Qf6+ 45. Kh5
Qf5+ 46. Kh6 Qf6+ 47. Kh7 Qf5+ 48. Kg7 Qxb5 49. Qxa7+ Kf4 50. Qd4+ Kg3 51. Qe3+
Kh2 52. Qh6+ Kg1 53. Qg6+ Kh1 54. Qe4+ Kh2 55. b4 Qg5+ 56. Kf7 Qh5+ 57. Ke7
Qg5+ 58. Kd7 Qg7+ 59. Qe7 Qg4+ 60. Kc7 Qf5 61. Qd6+ Kh1 62. Qc5 Qf7+ 63. Kb8
Qg8+ 64. Kb7 Qg2 65. b5 Qe4 66. b6 Qf3 67. Qe5 Qg2 68. Qe1+ Kh2 69. Qh4+ Kg1
70. Qa4 Kh1 71. Ka7 1-0

[Event "4NCL/Div2/WES-WIT"]
[Site "Rd7-Birmingham"]
[Date "2000.03.25"]
[Round "7.5"]
[White "Upton, Ian"]
[Black "Dickinson, Tim"]
[Result "1-0"]
[WhiteElo "2238"]
[BlackElo "2176"]
[PlyCount "57"]
[EventDate "2000.03.25"]
[Source "Britbase"]
[SourceDate "2000.01.01"]

1. d4 Nf6 2. c4 e6 3. Nc3 Bb4 4. e3 b6 5. Nge2 Bb7 6. a3 Be7 7. Nf4 d6 8. d5 e5
9. Nh3 a5 10. Bd3 Bc8 11. Ng1 Na6 12. Nge2 g6 13. O-O Bf8 14. b4 Bg7 15. e4 O-O
16. Bd2 Nh5 17. Rb1 axb4 18. axb4 Nb8 19. c5 f5 20. c6 f4 21. f3 g5 22. Nc1 Rf6
23. Be2 Rh6 24. Nd3 g4 25. fxg4 Ng3 26. hxg3 fxg3 27. g5 Ra3 28. Rf3 Rxc3 29.
Rxg3 1-0

[Event "4NCL/Div2/WES-WIT"]
[Site "Rd7-Birmingham"]
[Date "2000.03.25"]
[Round "7.6"]
[White "Wittmann, Jochen"]
[Black "Yeo, Michael"]
[Result "0-1"]
[WhiteElo "2072"]
[BlackElo "2198"]
[PlyCount "42"]
[EventDate "2000.03.25"]
[Source "Britbase"]
[SourceDate "2000.01.01"]

1. e4 e5 2. Bc4 Nf6 3. d4 exd4 4. Nf3 Nxe4 5. Qxd4 Nf6 6. Bg5 Be7 7. Nc3 c6 8.
O-O-O d5 9. Rhe1 Be6 10. Qh4 Nbd7 11. Bd3 Nc5 12. Nd4 h6 13. Bf5 Kd7 14. Nxe6
fxe6 15. Bxf6 Bxf6 16. Qb4 Bxc3 17. Qxc3 Qg5+ 18. Kb1 Qxf5 19. Qxc5 Rhe8 20.
Re3 Qxf2 21. Qb4 Qxe3 0-1

[Event "4NCL/Div2/WES-WIT"]
[Site "Rd7-Birmingham"]
[Date "2000.03.25"]
[Round "7.7"]
[White "Pye, David"]
[Black "Hannon, Mark"]
[Result "1/2-1/2"]
[WhiteElo "2072"]
[BlackElo "2096"]
[PlyCount "50"]
[EventDate "2000.03.25"]
[Source "Britbase"]
[SourceDate "2000.01.01"]

1. d4 d5 2. Nc3 Nf6 3. Bg5 Nbd7 4. Nf3 c6 5. e3 Qb6 6. a3 g6 7. Rb1 Bg7 8. Be2
O-O 9. h3 Re8 10. Bf4 Ne4 11. Nxe4 dxe4 12. Nd2 f5 13. Nc4 Qd8 14. b4 Nb6 15.
Ne5 Nd5 16. Bc4 Be6 17. Bxd5 cxd5 18. c3 Qc7 19. Rc1 Bxe5 20. Bxe5 Qc4 21. Qe2
Rec8 22. Qxc4 Rxc4 23. Kd2 Bd7 24. h4 h5 25. Ra1 Rac8 1/2-1/2

[Event "4NCL/Div2/WES-WIT"]
[Site "Rd7-Birmingham"]
[Date "2000.03.25"]
[Round "7.8"]
[White "Smith, Lucy"]
[Black "Howard, Emily"]
[Result "1/2-1/2"]
[WhiteElo "1680"]
[BlackElo "2037"]
[PlyCount "45"]
[EventDate "2000.03.25"]
[Source "Britbase"]
[SourceDate "2000.01.01"]

1. d4 Nf6 2. c4 e6 3. Nc3 Bb4 4. Bd2 O-O 5. Nf3 b6 6. a3 Be7 7. e4 Bb7 8. Bd3
d6 9. O-O Nbd7 10. Re1 e5 11. d5 Nc5 12. Bc2 Bc8 13. b4 Nb7 14. h3 h6 15. Be3
Nh7 16. Qd2 f5 17. exf5 Bxf5 18. c5 dxc5 19. bxc5 Bxc5 20. Bxf5 Rxf5 21. Qc2
Qf8 22. Bxc5 Nxc5 23. Rxe5 1/2-1/2

[Event "4NCL/Div2/3Cs-BIG2"]
[Site "Rd8-Birmingham"]
[Date "2000.03.26"]
[Round "8.1"]
[White "Longson, Alex"]
[Black "Barnes, Michael"]
[Result "0-1"]
[WhiteElo "2148"]
[BlackElo "2245"]
[PlyCount "70"]
[EventDate "2000.03.26"]

1. e4 c5 2. Nc3 Nc6 3. Bb5 Nd4 4. Bc4 g6 5. Nce2 Nxe2 6. Qxe2 Bg7 7. d3 d6 8.
f4 e6 9. Nf3 Ne7 10. O-O O-O 11. c3 a6 12. Qf2 b5 13. Bb3 Qc7 14. Qh4 c4 15.
dxc4 bxc4 16. Bc2 f5 17. Kh1 Rb8 18. Rb1 fxe4 19. Ng5 h6 20. Nxe4 Nf5 21. Qf2
d5 22. Ng3 e5 23. Bd2 e4 24. Nxf5 Bxf5 25. Be3 Be6 26. Qd2 Kh7 27. Kg1 Rb7 28.
Bd1 Qa5 29. Be2 Rfb8 30. Rfc1 Qxa2 31. Ra1 Qxb2 32. Rxa6 Qxd2 33. Bxd2 Rb2 34.
Rd1 Bc8 35. Rd6 e3 0-1

[Event "4NCL/Div2/3Cs-BIG2"]
[Site "Rd8-Birmingham"]
[Date "2000.03.26"]
[Round "8.2"]
[White "Mason, Don"]
[Black "Burgess, Jon"]
[Result "1-0"]
[WhiteElo "2279"]
[BlackElo "2145"]
[PlyCount "51"]
[EventDate "2000.03.26"]

1. e4 c5 2. Nc3 Nc6 3. g3 g6 4. d3 Bg7 5. Bg2 d6 6. f4 e6 7. Nf3 Nge7 8. O-O
O-O 9. Be3 Nd4 10. e5 Nef5 11. Bf2 h5 12. Ne4 dxe5 13. Nxe5 Rb8 14. c3 Nb5 15.
Bxc5 Re8 16. a4 b6 17. Bf2 Nbd6 18. Nc6 Qc7 19. Nxd6 Qxd6 20. Nxb8 Qxb8 21. a5
bxa5 22. Qa4 Rd8 23. Qxa5 Rxd3 24. Rfd1 Qd6 25. Rxd3 Qxd3 26. Qc7 1-0

[Event "4NCL/Div2/3Cs-BIG2"]
[Site "Rd8-Birmingham"]
[Date "2000.03.26"]
[Round "8.3"]
[White "Taylor, Robert"]
[Black "Dighton, Simon"]
[Result "0-1"]
[WhiteElo "2116"]
[BlackElo "2230"]
[PlyCount "74"]
[EventDate "2000.03.26"]

1. e4 e6 2. d4 d5 3. Nc3 Bb4 4. exd5 exd5 5. Bd3 Ne7 6. Nge2 Nbc6 7. a3 Bxc3+
8. bxc3 Bf5 9. Rb1 b6 10. Ng3 Bxd3 11. cxd3 O-O 12. O-O Qd7 13. Qh5 Na5 14. Re1
Rfe8 15. f4 g6 16. Qg5 Nf5 17. Re5 Nxg3 18. hxg3 Qc6 19. Bd2 f6 20. Rxe8+ Rxe8
21. Qg4 f5 22. Qf3 Qd7 23. Kf2 c6 24. Be3 Qd6 25. Rb4 Qe6 26. Rb2 Nb7 27. a4
Nd6 28. Rb1 Nf7 29. Rh1 Kg7 30. g4 fxg4 31. Qg3 h5 32. Re1 Qf6 33. Kg1 Nd6 34.
f5 Nxf5 35. Qc7+ Re7 36. Qd8 Rxe3 37. Qd7+ Qe7 0-1

[Event "4NCL/Div2/3Cs-BIG2"]
[Site "Rd8-Birmingham"]
[Date "2000.03.26"]
[Round "8.4"]
[White "Thomas, Nick"]
[Black "Bentley, John"]
[Result "1/2-1/2"]
[WhiteElo "2215"]
[BlackElo "1984"]
[PlyCount "105"]
[EventDate "2000.03.26"]

1. e4 c5 2. Nc3 Nc6 3. g3 g6 4. Bg2 Bg7 5. d3 Nf6 6. Nge2 d6 7. O-O O-O 8. h3
Rb8 9. f4 Bd7 10. Be3 b5 11. Qd2 b4 12. Nd1 Qb6 13. g4 Nd4 14. Ng3 Ba4 15. b3
Bb5 16. f5 Nd7 17. Rc1 Ne5 18. Kh1 Nxc2 19. Rxc2 Bxd3 20. Rf2 Bxc2 21. Qxc2 a5
22. Qd2 a4 23. Bh6 axb3 24. axb3 Qa6 25. Bf1 Qa1 26. Bxg7 Kxg7 27. f6+ exf6 28.
Qxd6 Nd3 29. Qxd3 Rbd8 30. Qf3 Rxd1 31. e5 fxe5 32. Nh5+ Kg8 33. Nf6+ Kh8 34.
Kh2 Qd4 35. Ne4 Re1 36. Qf6+ Kg8 37. Bc4 Qxc4 38. bxc4 Rxe4 39. Rg2 Rxc4 40. h4
Re8 41. h5 Rf4 42. Qc6 Re6 43. Qxc5 Kg7 44. Kg3 Rd4 45. h6+ Kxh6 46. Qf8+ Kg5
47. Qxf7 Rf6 48. Qxh7 Rxg4+ 49. Kh2 Rxg2+ 50. Kxg2 Rf4 51. Qe7+ Kf5 52. Qf7+
Kg5 53. Qe7+ 1/2-1/2

[Event "4NCL/Div2/3Cs-BIG2"]
[Site "Rd8-Birmingham"]
[Date "2000.03.26"]
[Round "8.5"]
[White "Walton, Alan"]
[Black "Taylor, Peter"]
[Result "1-0"]
[WhiteElo "1928"]
[BlackElo "2187"]
[PlyCount "97"]
[EventDate "2000.03.26"]

1. d4 Nf6 2. Bg5 e6 3. e4 h6 4. Bxf6 Qxf6 5. Nc3 Bb4 6. Qd2 d6 7. Bc4 Nc6 8.
Nge2 e5 9. d5 Nd4 10. a3 Ba5 11. O-O Bh3 12. f4 Qg6 13. Ng3 Bd7 14. Kh1 h5 15.
fxe5 dxe5 16. d6 Be6 17. Bxe6 Qxe6 18. b4 Bb6 19. dxc7 h4 20. Nf5 Nxf5 21. exf5
Qd7 22. Qe2 Bxc7 23. Rad1 Qc6 24. Nd5 h3 25. Nxc7+ Qxc7 26. Qb5+ Kf8 27. g4 Rh4
28. Rd7 Qxc2 29. Qxb7 Qg2+ 30. Qxg2 hxg2+ 31. Kxg2 Rxg4+ 32. Kh3 Rd4 33. Rxd4
exd4 34. Rd1 Rd8 35. Kg3 Ke7 36. Kf4 Kf6 37. a4 Rh8 38. Rxd4 Rxh2 39. Rd6+ Ke7
40. Ra6 Rh4+ 41. Ke5 Rxb4 42. Rxa7+ Ke8 43. a5 Rb5+ 44. Kd6 f6 45. a6 Rxf5 46.
Rxg7 Ra5 47. a7 Kf8 48. Rb7 Ra6+ 49. Kc5 1-0